Výsledková listina 15. Zimných olympijských hier v Calgary

Bibliographic Details
Format: Article
Language:Slovak
PhysicalDescription:Obr. 1.
Subjects:

MARC

LEADER 00000nab a2200000 a 4500
001 vtls000309803
003 SK-MaSNL
005 20260302215546.0
008 111201c1988 xo 0 slo
015 |a SNBRB19rr/mm-uuuuu 
035 |a CL0319924 
040 |a SNKBUCL  |b slo  |c SNKBUCL  |e AACR2 
041 0 |a slo 
044 |a xo  |c SK 
080 |a 796.9.032.2(100)  |2 1981 
245 0 0 |a Výsledková listina 15. Zimných olympijských hier v Calgary 
300 |b Obr. 1. 
611 2 7 |a Zimné olympijské hry  |n (15. :  |d 1988 :  |c Calgary, Alberta)  |2 snkbucl  |9 211489 
655 7 |a články z novín a časopisov  |2 snkbucl  |9 267496 
773 0 |t Šport  |g Roč. 42, č. 50 (1. 3. 1988), s. 9 
850 |a Slovenská národná knižnica v Martine  |a MTA001 
852 |a SNK  |b KIS3GCP 
992 |a RBX 
999 |c 1502955  |d 1504885